Normal view
MARC view
- الثورات- البلاد العربية، ايران-تاريخ-قرن 20، البلاد العربية - تاريخ، البلاد العربية-سياسة وحكومة
Entry Topical Term
001 - CONTROL NUMBER
- control field: 48827
003 - CONTROL NUMBER IDENTIFIER
- control field: JO-AjAnu
005 - DATE AND TIME OF LATEST TRANSACTION
- control field: 20230606082042.0
008 - FIXED-LENGTH DATA ELEMENTS
- fixed length control field: 230606|| aca||aabn | a|a d
040 ## - CATALOGING SOURCE
- Original cataloging agency: JO-AjAnu
- Transcribing agency: JO-AjAnu
150 ## - HEADING--TOPICAL TERM
- Topical term or geographic name entry element: الثورات- البلاد العربية، ايران-تاريخ-قرن 20، البلاد العربية - تاريخ، البلاد العربية-سياسة وحكومة
670 ## - SOURCE DATA FOUND
- Source citation: Work cat.: (JO-AjAnu)24976: صبري، موسى, author 48826, مخبر صخفي وراء أحداث عشر ثورات